[Event "Titled Tuesday intern op 11th Feb Early"]
[Site "Chess.com INT"]
[Date "2025.02.11"]
[Round "2"]
[White "Erten, Kerem"]
[Black "Poddubnyi, Viktor"]
[Result "1-0"]
[WhiteElo "2333"]
[BlackElo "2304"]
[PlyCount "81"]
[EventDate "2025.02.11"]
[EventType "swiss (blitz)"]
[EventRounds "11"]
[EventCountry "USA"]
[SourceTitle "CB09_2025"]
[SourceDate "2025.02.27"]
[SourceVersion "1"]
[SourceVersionDate "2025.02.27"]
[SourceQuality "1"]

1. e4 e5 2. Nf3 Nc6 3. Nc3 Nf6 4. d4 exd4 5. Nxd4 Bb4 6. Nxc6 bxc6 7. Bd3 d5 8. exd5 cxd5 9. 0-0 0-0 10. Bg5 c6 11. Qf3 h6 12. Bf4 Re8 13. h3 Be6 14. Ne2 c5 15. c3 Ba5 16. Ng3 c4 17. Bc2 d4 18. Ba4 Bd7 19. Bxd7 Qxd7 20. Bxh6 dxc3 21. bxc3 Qd3 22. Be3 Qd5 23. Qf4 Bxc3 24. Rad1 Qc6 25. Nf5 Nd5 26. Qg5 Nxe3 27. fxe3 Bf6 28. Qg4 Qe4 29. Rf4 Qe6 30. Rd6 Qe5 31. Nh6+ Kf8 32. Rdxf6 gxf6 33. Qg8+ Ke7 34. Qxf7+ Kd8 35. Rd4+ Kc8 36. Rxc4+ Kd8 37. Rd4+ Kc8 38. Ng4 Qc7 39. Qxe8+ Kb7 40. Rb4+ Ka6 41. Qxa8 1-0

[Event "Titled Tuesday intern op 11th Feb Early"]
[Site "Chess.com INT"]
[Date "2025.02.11"]
[Round "5"]
[White "Poddubnyi, Viktor"]
[Black "El Jawich, Amro"]
[Result "0-1"]
[WhiteElo "2304"]
[BlackElo "2307"]
[PlyCount "78"]
[EventDate "2025.02.11"]
[EventType "swiss (blitz)"]
[EventRounds "11"]
[EventCountry "USA"]
[SourceTitle "CB09_2025"]
[SourceDate "2025.02.27"]
[SourceVersion "1"]
[SourceVersionDate "2025.02.27"]
[SourceQuality "1"]

1. d4 g6 2. e4 Bg7 3. c4 d6 4. Nc3 e5 5. Be3 exd4 6. Bxd4 Nf6 7. f3 0-0 8. Qd2 Nc6 9. Be3 Re8 10. 0-0-0 a5 11. Nge2 a4 12. Nf4 a3 13. b3 Nb4 14. g4 Nd7 15. h4 Qf6 16. Bd4 Qxd4 17. Qxd4 Bxd4 18. Rxd4 Ne5 19. Be2 Be6 20. h5 g5 21. Nxe6 fxe6 22. h6 Kf7 23. Kb1 Nbc6 24. Rdd1 Ng6 25. Nb5 Re7 26. Rh2 Nf4 27. Bf1 Ne5 28. Rf2 Kg6 29. Nd4 Kxh6 30. b4 Ra4 31. Nc2 Kg6 32. c5 dxc5 33. bxc5 Ra5 34. Rd8 Rxc5 35. Nxa3 Rc3 36. Nb5 Rxf3 37. Rxf3 Nxf3 38. Bc4 c6 39. Nd4 Nd2+ 0-1

[Event "Titled Tuesday intern op 11th Feb Early"]
[Site "Chess.com INT"]
[Date "2025.02.11"]
[Round "1"]
[White "Poddubnyi, Viktor"]
[Black "Sahib, Singh"]
[Result "0-1"]
[WhiteElo "2304"]
[BlackElo "2430"]
[PlyCount "72"]
[EventDate "2025.02.11"]
[EventType "swiss (blitz)"]
[EventRounds "11"]
[EventCountry "USA"]
[SourceTitle "CB08_2025"]
[SourceDate "2025.02.19"]
[SourceVersion "1"]
[SourceVersionDate "2025.02.19"]
[SourceQuality "1"]

1. d4 d5 2. c4 c6 3. Nf3 Nf6 4. Nc3 dxc4 5. a4 Bf5 6. Ne5 Nbd7 7. Nxc4 Qc7 8. g3 e5 9. dxe5 Nxe5 10. Bf4 Nfd7 11. Bg2 g5 12. Nxe5 gxf4 13. Nd3 fxg3 14. hxg3 0-0-0 15. Qc1 Bxd3 16. exd3 Nc5 17. Qc2 Nxd3+ 18. Kf1 Kb8 19. Rd1 Nb4 20. Rxd8+ Qxd8 21. Qf5 Qd3+ 22. Qxd3 Nxd3 23. Be4 Nxb2 24. Rxh7 Rxh7 25. Bxh7 Bg7 26. Ne4 Nxa4 27. Nd6 f6 28. Ke2 Nc3+ 29. Kd3 Nd5 30. Kc4 Bf8 31. Ne4 b5+ 32. Kb3 a5 33. Bg8 a4+ 34. Kb2 f5 35. Bxd5 cxd5 36. Nc3 Bg7 0-1

[Event "Titled Tuesday intern op 28th Jan Early"]
[Site "Chess.com INT"]
[Date "2025.01.28"]
[Round "9"]
[White "Bashirli, Saadat"]
[Black "Poddubnyi, Viktor"]
[Result "1-0"]
[WhiteElo "1969"]
[BlackElo "2304"]
[PlyCount "65"]
[EventDate "2025.01.28"]
[EventType "swiss (blitz)"]
[EventRounds "11"]
[EventCountry "USA"]
[SourceTitle "CB06_2025"]
[SourceDate "2025.02.05"]
[SourceVersion "1"]
[SourceVersionDate "2025.02.05"]
[SourceQuality "1"]

1. d4 d5 2. e3 Nf6 3. Bd3 c5 4. c3 Nc6 5. f4 Bg4 6. Nf3 e6 7. 0-0 Be7 8. Nbd2 0-0 9. Qe1 Bxf3 10. Nxf3 Ne4 11. b3 Rc8 12. Bb2 a6 13. Rc1 b5 14. c4 bxc4 15. bxc4 Qb6 16. Ba1 Bf6 17. cxd5 exd5 18. Bxe4 dxe4 19. dxc5 Qd8 20. Bxf6 Qxf6 21. Nd2 Rfe8 22. Qe2 Qb2 23. Kf2 Qxa2 24. Ra1 Qd5 25. Rxa6 Nb4 26. Rd6 Qxc5 27. Rd4 Nd3+ 28. Kg1 Qc2 29. Qd1 Qc3 30. Nxe4 Qa3 31. Rxd3 Qa7 32. Nd6 Rxe3 33. Nxc8 1-0

[Event "Titled Tuesday intern op 28th Jan Early"]
[Site "Chess.com INT"]
[Date "2025.01.28"]
[Round "2"]
[White "Belli, Giorgio"]
[Black "Poddubnyi, Viktor"]
[Result "0-1"]
[WhiteElo "2205"]
[BlackElo "2304"]
[PlyCount "104"]
[EventDate "2025.01.28"]
[EventType "swiss (blitz)"]
[EventRounds "11"]
[EventCountry "USA"]
[SourceTitle "CB06_2025"]
[SourceDate "2025.02.05"]
[SourceVersion "1"]
[SourceVersionDate "2025.02.05"]
[SourceQuality "1"]

1. e4 e5 2. Nf3 Nc6 3. b3 Nf6 4. Bb2 Nxe4 5. Bd3 Nc5 6. Bb5 d6 7. d4 exd4 8. Nxd4 Bd7 9. 0-0 Be7 10. Qh5 0-0 11. Nxc6 bxc6 12. Be2 Bf6 13. Nc3 Qe7 14. b4 Ne6 15. Bd3 g6 16. Qf3 Nd4 17. Qe3 Qxe3 18. fxe3 Nf5 19. Kh1 Bg7 20. Rae1 Rfe8 21. e4 Nd4 22. Nd1 Reb8 23. c3 Nb5 24. Bc4 Be6 25. Bb3 a5 26. Bxe6 fxe6 27. a3 axb4 28. axb4 Ra2 29. Re2 Nxc3 30. Nxc3 Bxc3 31. Rb1 Rxb2 32. Rexb2 Bxb2 33. Rxb2 c5 34. b5 Kf7 35. Kg1 Ke7 36. Kf2 d5 37. Ke3 Kd6 38. Kd3 c4+ 39. Kc3 Kc5 40. exd5 exd5 41. Rf2 Rxb5 42. Rf7 Rb3+ 43. Kc2 c6 44. Rxh7 d4 45. Rh4 d3+ 46. Kc1 c3 47. Rh3 Kc4 48. Rh4+ Kd5 49. Rh3 Kd4 50. Rh4+ Ke3 51. Rh3+ Ke2 52. Rh4 d2+ 0-1

[Event "Titled Tuesday intern op 28th Jan Early"]
[Site "Chess.com INT"]
[Date "2025.01.28"]
[Round "1"]
[White "Poddubnyi, Viktor"]
[Black "Kalinin, Nikita An"]
[Result "0-1"]
[WhiteElo "2304"]
[BlackElo "2344"]
[PlyCount "50"]
[EventDate "2025.01.28"]
[EventType "swiss (blitz)"]
[EventRounds "11"]
[EventCountry "USA"]
[SourceTitle "CB06_2025"]
[SourceDate "2025.02.05"]
[SourceVersion "1"]
[SourceVersionDate "2025.02.05"]
[SourceQuality "1"]

1. d4 Nf6 2. c4 c5 3. d5 b5 4. cxb5 a6 5. e3 axb5 6. Bxb5 Ba6 7. Bxa6 Nxa6 8. Nc3 g6 9. e4 d6 10. Nf3 Bg7 11. 0-0 0-0 12. Re1 Nd7 13. Bg5 Rb8 14. Qd2 Re8 15. Rab1 Qa5 16. a3 Rb3 17. Qc2 c4 18. Nd2 Rb7 19. Nxc4 Qc5 20. Nd2 Qa7 21. Be3 Qb8 22. h3 Rc8 23. Rec1 Ne5 24. f4 Nd7 25. Bf2 Nac5 0-1

[Event "Titled Tuesday intern op 07th Jan Early"]
[Site "Chess.com INT"]
[Date "2025.01.07"]
[Round "6"]
[White "Poddubnyi, Viktor"]
[Black "Ljukin, Sergei"]
[Result "0-1"]
[WhiteElo "2304"]
[BlackElo "2362"]
[PlyCount "78"]
[EventDate "2025.01.07"]
[EventType "swiss (blitz)"]
[EventRounds "11"]
[EventCountry "USA"]
[SourceTitle "CB03_2025"]
[SourceDate "2025.01.15"]
[SourceVersion "1"]
[SourceVersionDate "2025.01.15"]
[SourceQuality "1"]

1. e4 e6 2. d4 d5 3. Nd2 Nf6 4. e5 Nfd7 5. Bd3 c5 6. c3 Nc6 7. Ne2 cxd4 8. cxd4 f6 9. exf6 Qxf6 10. Nf3 h6 11. 0-0 Bd6 12. Ng3 0-0 13. Bc2 Rd8 14. Re1 Nf8 15. Ne5 Qh4 16. f4 Bxe5 17. dxe5 b6 18. Ne2 d4 19. Be4 Bb7 20. g3 Qh5 21. Bd2 Rac8 22. Nc1 Qf7 23. Nd3 Na5 24. Bxa5 bxa5 25. Qf3 Bxe4 26. Qxe4 Rc2 27. Rac1 Qc7 28. Rxc2 Qxc2 29. Rc1 Qd2 30. Qf3 Nd7 31. Rd1 Qc2 32. Rf1 Qc4 33. Kg2 Nc5 34. Qc6 Qxd3 35. Qxc5 Qe4+ 36. Kh3 d3 37. Rd1 d2 38. Qc3 Qe2 39. Qc2 Rd5 0-1

[Event "Titled Tuesday intern op 07th Jan Early"]
[Site "Chess.com INT"]
[Date "2025.01.07"]
[Round "3"]
[White "Rog, Bartlomiej"]
[Black "Poddubnyi, Viktor"]
[Result "1-0"]
[WhiteElo "2277"]
[BlackElo "2304"]
[PlyCount "53"]
[EventDate "2025.01.07"]
[EventType "swiss (blitz)"]
[EventRounds "11"]
[EventCountry "USA"]
[SourceTitle "CB03_2025"]
[SourceDate "2025.01.15"]
[SourceVersion "1"]
[SourceVersionDate "2025.01.15"]
[SourceQuality "1"]

1. e4 g6 2. g3 Bg7 3. Bg2 c5 4. Ne2 Nc6 5. 0-0 Nf6 6. d3 0-0 7. c3 d5 8. exd5 Nxd5 9. Na3 b6 10. Nf4 e6 11. Nxd5 exd5 12. Bf4 a6 13. Nc2 Be6 14. Re1 Qd7 15. Rb1 d4 16. c4 a5 17. Qd2 Rfe8 18. Na3 Nb4 19. Nb5 Nxa2 20. Bxa8 Rxa8 21. Nc7 Rf8 22. Nxe6 fxe6 23. Qe2 Re8 24. Rbd1 Nb4 25. Be5 Qf7 26. f4 Qf5 27. Bc7 1-0

[Event "Titled Tuesday intern op 24th Sep Early"]
[Site "Chess.com INT"]
[Date "2024.09.24"]
[Round "5"]
[White "Hoang, Thi Bao Tram"]
[Black "Poddubnyi, Viktor"]
[Result "1-0"]
[WhiteElo "2193"]
[BlackElo "2304"]
[PlyCount "55"]
[EventDate "2024.09.24"]
[EventType "swiss (blitz)"]
[EventRounds "11"]
[EventCountry "USA"]
[SourceTitle "EXT 2025"]
[Source "ChessBase"]
[SourceDate "2024.10.14"]
[SourceVersion "1"]
[SourceVersionDate "2024.10.14"]
[SourceQuality "1"]

1. d4 g6 2. Bf4 Bg7 3. c3 Nf6 4. Nd2 0-0 5. h3 d6 6. e3 Nc6 7. Bc4 e5 8. Bh2 Qe7 9. Ne2 Bd7 10. a3 Rae8 11. Qc2 Bf5 12. Bd3 e4 13. Bb5 a6 14. Bc4 b5 15. Ba2 h5 16. Bf4 Nh7 17. Ng3 Qd7 18. Nxf5 Qxf5 19. 0-0-0 Nf6 20. f3 Re7 21. g4 Qd7 22. g5 Nh7 23. fxe4 Na5 24. h4 c5 25. dxc5 dxc5 26. Nc4 Qxd1+ 27. Rxd1 bxc4 28. Bd6 1-0

[Event "Titled Tuesday intern op 24th Sep Early"]
[Site "Chess.com INT"]
[Date "2024.09.24"]
[Round "6"]
[White "Poddubnyi, Viktor"]
[Black "Hossam Mohamed, Adham"]
[Result "0-1"]
[WhiteElo "2304"]
[BlackElo "2013"]
[PlyCount "66"]
[EventDate "2024.09.24"]
[EventType "swiss (blitz)"]
[EventRounds "11"]
[EventCountry "USA"]
[SourceTitle "EXT 2025"]
[Source "ChessBase"]
[SourceDate "2024.10.14"]
[SourceVersion "1"]
[SourceVersionDate "2024.10.14"]
[SourceQuality "1"]

1. e4 c5 2. Nf3 d6 3. d4 cxd4 4. Nxd4 Nf6 5. Nc3 a6 6. Bg5 e6 7. Qf3 Be7 8. 0-0-0 Qc7 9. g4 Nbd7 10. Bd2 Ne5 11. Qg3 0-0 12. g5 Nfd7 13. f4 Nc4 14. f5 Nde5 15. Bf4 Qb6 16. b3 Na5 17. f6 Bd8 18. fxg7 Kxg7 19. Bxe5+ dxe5 20. Qxe5+ Kg8 21. Nf5 exf5 22. Nd5 Qe6 23. Qc3 fxe4 24. Nf6+ Bxf6 25. gxf6 Qf5 26. Rd5 Qf4+ 27. Kb1 Nc6 28. Rg1+ Kh8 29. Rdg5 Bf5 30. h4 h6 31. Rg7 Rad8 32. Bc4 Qe5 33. Qe3 Qxf6 0-1

[Event "Titled Tuesday intern op 17th Sep Early"]
[Site "Chess,com INT"]
[Date "2024.09.17"]
[Round "4"]
[White "Iljin, Timofey"]
[Black "Poddubnyi, Viktor"]
[Result "1-0"]
[WhiteElo "2253"]
[BlackElo "2304"]
[PlyCount "45"]
[EventDate "2024.09.17"]
[EventType "swiss (blitz)"]
[EventRounds "11"]
[EventCountry "USA"]
[SourceTitle "EXT 2025"]
[Source "ChessBase"]
[SourceDate "2024.10.14"]
[SourceVersion "1"]
[SourceVersionDate "2024.10.14"]
[SourceQuality "1"]

1. e4 g6 2. h4 Bg7 3. h5 d5 4. exd5 Qxd5 5. Nc3 Qa5 6. d3 Nc6 7. h6 Bxc3+ 8. bxc3 Qxc3+ 9. Bd2 Qe5+ 10. Ne2 Nd4 11. Rh4 Nxc2+ 12. Qxc2 Qxa1+ 13. Nc1 Qe5+ 14. Re4 Qf5 15. g4 Qf3 16. Qxc7 Be6 17. g5 Bd5 18. Re3 Qf5 19. Bc3 f6 20. gxf6 Rc8 21. Rxe7+ Kf8 22. Qd6 Re8 23. Bb4 1-0

[Event "Titled Tuesday intern op 17th Sep Early"]
[Site "Chess,com INT"]
[Date "2024.09.17"]
[Round "8"]
[White "Poddubnyi, Viktor"]
[Black "Bashirli, Saadat"]
[Result "1-0"]
[WhiteElo "2304"]
[BlackElo "1894"]
[PlyCount "77"]
[EventDate "2024.09.17"]
[EventType "swiss (blitz)"]
[EventRounds "11"]
[EventCountry "USA"]
[SourceTitle "EXT 2025"]
[Source "ChessBase"]
[SourceDate "2024.10.14"]
[SourceVersion "1"]
[SourceVersionDate "2024.10.14"]
[SourceQuality "1"]

1. e4 c5 2. Nf3 Nc6 3. d4 cxd4 4. Nxd4 g6 5. c4 Nf6 6. Nc3 Nxd4 7. Qxd4 d6 8. Bg5 Bg7 9. Be2 0-0 10. Qd2 Be6 11. 0-0 Qa5 12. Rad1 Rfc8 13. b3 a6 14. Bxf6 Bxf6 15. Nd5 Qxd2 16. Nxf6+ exf6 17. Rxd2 Rd8 18. Rfd1 Rd7 19. Rxd6 Rad8 20. Rxd7 Rxd7 21. Rxd7 Bxd7 22. f4 Kf8 23. Kf2 Bc6 24. Ke3 Ke7 25. Kd4 Ke6 26. c5 h5 27. g3 Ke7 28. Bc4 g5 29. Bd5 Kd7 30. Bxf7 h4 31. Bd5 gxf4 32. gxf4 Bb5 33. Bxb7 Kc7 34. Bd5 a5 35. e5 fxe5+ 36. Kxe5 h3 37. f5 Bf1 38. f6 Bg2 39. f7 1-0

[Event "Titled Tuesday intern op 17th Sep Early"]
[Site "Chess,com INT"]
[Date "2024.09.17"]
[Round "7"]
[White "Poddubnyi, Viktor"]
[Black "Pein, Jonathan"]
[Result "0-1"]
[WhiteElo "2304"]
[BlackElo "2249"]
[PlyCount "50"]
[EventDate "2024.09.17"]
[EventType "swiss (blitz)"]
[EventRounds "11"]
[EventCountry "USA"]
[SourceTitle "EXT 2025"]
[Source "ChessBase"]
[SourceDate "2024.10.14"]
[SourceVersion "1"]
[SourceVersionDate "2024.10.14"]
[SourceQuality "1"]

1. e4 e6 2. d4 d5 3. Nd2 Nf6 4. e5 Nfd7 5. Bd3 c5 6. c3 Nc6 7. Ne2 h6 8. 0-0 a5 9. Nf3 b6 10. Nf4 Ba6 11. Bxa6 Rxa6 12. Be3 Be7 13. Nh5 Kf8 14. Ne1 g6 15. Nf4 b5 16. Qg4 h5 17. Qg3 Kg7 18. Nf3 b4 19. h4 Nf8 20. Nh3 bxc3 21. bxc3 cxd4 22. cxd4 Nb4 23. Rac1 Nxa2 24. Rcd1 Nc3 25. Rc1 Ne2+ 0-1

[Event "Titled Tuesday intern op 17th Sep Early"]
[Site "Chess,com INT"]
[Date "2024.09.17"]
[Round "5"]
[White "Poddubnyi, Viktor"]
[Black "Setumadhav, Yellumahanthi"]
[Result "0-1"]
[WhiteElo "2304"]
[BlackElo "2344"]
[PlyCount "68"]
[EventDate "2024.09.17"]
[EventType "swiss (blitz)"]
[EventRounds "11"]
[EventCountry "USA"]
[SourceTitle "EXT 2025"]
[Source "ChessBase"]
[SourceDate "2024.10.14"]
[SourceVersion "1"]
[SourceVersionDate "2024.10.14"]
[SourceQuality "1"]

1. e4 e6 2. d4 d5 3. Nd2 Nf6 4. e5 Nfd7 5. Bd3 c5 6. c3 Nc6 7. Ne2 cxd4 8. cxd4 f6 9. exf6 Nxf6 10. Nf3 Bd6 11. 0-0 0-0 12. Bf4 Bxf4 13. Nxf4 Ne4 14. Qc1 Qf6 15. Ne2 Bd7 16. Qe3 Nb4 17. Bxe4 dxe4 18. Ne5 Bb5 19. Qxe4 Qf5 20. Qxf5 exf5 21. Rfe1 Nc2 22. Nc3 Nxa1 23. Rxa1 Be8 24. f4 Rd8 25. d5 Bf7 26. Rd1 Rfe8 27. Kf2 a6 28. a4 Rd6 29. Ke3 Bh5 30. Rd2 Red8 31. a5 Bf7 32. Nxf7 Kxf7 33. Kd4 Kf6 34. Re2 Rc8 0-1

[Event "Titled Tuesday intern op 10th Sep Early"]
[Site "Chess,com INT"]
[Date "2024.09.10"]
[Round "11"]
[White "Poddubnyi, Viktor"]
[Black "Lama, Himal"]
[Result "1/2-1/2"]
[WhiteElo "2304"]
[BlackElo "2059"]
[PlyCount "124"]
[EventDate "2024.09.10"]
[EventType "swiss (blitz)"]
[EventRounds "11"]
[EventCountry "USA"]
[SourceTitle "EXT 2025"]
[Source "ChessBase"]
[SourceDate "2024.10.14"]
[SourceVersion "1"]
[SourceVersionDate "2024.10.14"]
[SourceQuality "1"]

1. e4 c5 2. Nf3 d6 3. d4 cxd4 4. Nxd4 Nf6 5. Nc3 a6 6. Bg5 Nbd7 7. Qf3 Qc7 8. 0-0-0 h6 9. Bd2 b5 10. a4 b4 11. Nd5 Nxd5 12. exd5 Bb7 13. Bxb4 Ne5 14. Qe4 e6 15. Nf3 Bxd5 16. Rxd5 exd5 17. Qxd5 Rc8 18. Bc3 Be7 19. Bxa6 Rd8 20. Bb5+ Kf8 21. Nxe5 dxe5 22. Qxe5 Qxe5 23. Bxe5 Bc5 24. Bg3 g5 25. c3 f5 26. f3 f4 27. Be1 Be3+ 28. Kc2 Rh7 29. h4 Rg7 30. hxg5 Rxg5 31. Rxh6 Rxg2+ 32. Kb3 Rd1 33. Bh4 Rb1 34. Bf6 Rbxb2+ 35. Kc4 Kf7 36. Be5 Rg5 37. Bd4 Rg8 38. Rh7+ Kg6 39. Rh1 Rc8+ 40. Kd3 Rd8 41. Ke4 Bxd4 42. cxd4 Rb4 43. Kxf4 Rdxd4+ 44. Kg3 Rd6 45. Re1 Kf5 46. Re2 Rg6+ 47. Kf2 Kf4 48. Bd3 Rd6 49. Bb5 Rb3 50. Rc2 Rxf3+ 51. Ke2 Re6+ 52. Kd2 Rd6+ 53. Kc1 Rb3 54. Rc4+ Ke3 55. Rc2 Rd4 56. Rb2 Rc3+ 57. Rc2 Ra3 58. Kb2 Raxa4 59. Bxa4 Rxa4 60. Kb3 Rd4 61. Rc3+ Rd3 62. Rxd3+ Kxd3 1/2-1/2

[Event "Titled Tuesday intern op 10th Sep Early"]
[Site "Chess,com INT"]
[Date "2024.09.10"]
[Round "4"]
[White "Poddubnyi, Viktor"]
[Black "Vasek, Jan"]
[Result "0-1"]
[WhiteElo "2304"]
[BlackElo "2147"]
[PlyCount "52"]
[EventDate "2024.09.10"]
[EventType "swiss (blitz)"]
[EventRounds "11"]
[EventCountry "USA"]
[SourceTitle "EXT 2025"]
[Source "ChessBase"]
[SourceDate "2024.10.14"]
[SourceVersion "1"]
[SourceVersionDate "2024.10.14"]
[SourceQuality "1"]

1. e4 e5 2. f4 Bc5 3. Nf3 d6 4. c3 Bg4 5. d4 Bxf3 6. Qxf3 exd4 7. cxd4 Bxd4 8. Nc3 Nc6 9. Bd2 Nge7 10. 0-0-0 0-0 11. Bd3 Ng6 12. h4 Re8 13. h5 Nf8 14. g4 Bc5 15. g5 Nd4 16. Qg2 b5 17. Nxb5 c6 18. Nxd4 Bxd4 19. Bc4 Qb6 20. b3 d5 21. exd5 cxd5 22. Qxd5 Ne6 23. f5 Red8 24. Qb5 Qxb5 25. Bxb5 Nc5 26. Ba5 Be3+ 0-1